[Event "Wasselonne op"]
[Site "Wasselonne"]
[Date "2009.08.09"]
[Round "6"]
[White "Berring, Alain"]
[Black "Fischer, Robert1111"]
[Result "1-0"]
[WhiteElo "1960"]
[BlackElo "2125"]
[PlyCount "28"]
[EventDate "2009.08.06"]
[EventType "swiss"]
[EventRounds "7"]
[EventCountry "FRA"]
[SourceTitle "EXT 2011"]
[Source "ChessBase"]
[SourceDate "2010.11.26"]
[SourceVersion "1"]
[SourceVersionDate "2010.11.26"]
[SourceQuality "1"]

1. c4 c5 2. g3 g6 3. Bg2 Bg7 4. Nc3 Nc6 5. Nf3 Nf6 6. d4 cxd4 7. Nxd4 0-0 8. 0-0 e5 9. Nc2 a6 10. b3 Rb8 11. Ba3 Ne7 12. Qd6 Nc6 13. Bxc6 dxc6 14. Qxb8 Qd2 1-0

[Event "Wasselonne op"]
[Site "Wasselonne"]
[Date "2009.08.08"]
[Round "5"]
[White "Charlier, Jonathan"]
[Black "Berring, Alain"]
[Result "1/2-1/2"]
[WhiteElo "1740"]
[BlackElo "1960"]
[PlyCount "56"]
[EventDate "2009.08.06"]
[EventType "swiss"]
[EventRounds "7"]
[EventCountry "FRA"]
[SourceTitle "EXT 2011"]
[Source "ChessBase"]
[SourceDate "2010.11.26"]
[SourceVersion "1"]
[SourceVersionDate "2010.11.26"]
[SourceQuality "1"]

1. d4 Nf6 2. c4 g6 3. Nf3 Bg7 4. Nc3 0-0 5. e4 d6 6. Bd3 Bg4 7. Be3 Na6 8. a3 c5 9. 0-0 Nd7 10. Be2 Nc7 11. h3 Bxf3 12. Bxf3 cxd4 13. Bxd4 Ne5 14. Be2 Ne6 15. Be3 Rc8 16. Qd5 Nc6 17. Qd2 Ned4 18. Bd1 a6 19. Rc1 e5 20. Ne2 Qe7 21. f3 Nxe2+ 22. Bxe2 Nd4 23. Rc3 f5 24. Bd3 f4 25. Bf2 Qg5 26. Bc2 Qe7 27. Bd3 Qg5 28. Bc2 Qe7 1/2-1/2

[Event "Chambery op 13th"]
[Site "Chambery"]
[Date "2007.07.31"]
[Round "4"]
[White "Satonnet, Patrick"]
[Black "Berring, Alain"]
[Result "1-0"]
[WhiteElo "1950"]
[BlackElo "2026"]
[PlyCount "63"]
[EventDate "2007.07.28"]
[EventType "swiss"]
[EventRounds "9"]
[EventCountry "FRA"]
[SourceTitle "CBM 119 Extra"]
[Source "ChessBase"]
[SourceDate "2007.09.04"]
[SourceVersion "1"]
[SourceVersionDate "2007.09.04"]
[SourceQuality "1"]

1. e4 c5 2. f4 Nc6 3. Nf3 e6 4. Nc3 a6 5. g3 b5 6. e5 Bb7 7. Bg2 Qc7 8. 0-0 Nh6 9. d3 Nf5 10. Qe1 d5 11. exd6 Bxd6 12. Ne4 Be7 13. Bd2 0-0 14. Rd1 Rfe8 15. g4 Nfd4 16. Nxd4 Nxd4 17. c3 Nc6 18. Be3 Nd8 19. Qf2 Rc8 20. d4 c4 21. f5 exf5 22. Qxf5 Bxe4 23. Bxe4 g6 24. Qf3 Bd6 25. Bh6 Bxh2+ 26. Kg2 Bd6 27. Qf6 Bf8 28. Bxf8 Rxf8 29. Rh1 Qd7 30. Rxh7 Qxg4+ 31. Kf2 Kxh7 32. Rh1+ 1-0

[Event "FRA-chT3 Gr14 0607"]
[Site "France"]
[Date "2007.04.01"]
[Round "9.5"]
[White "Jung, Reiner"]
[Black "Berring, Alain"]
[Result "1/2-1/2"]
[WhiteElo "1880"]
[BlackElo "2030"]
[PlyCount "35"]
[EventDate "2006.10.15"]
[EventType "team"]
[EventRounds "9"]
[EventCountry "FRA"]
[SourceTitle "EXT 2008"]
[Source "ChessBase"]
[SourceDate "2007.11.25"]
[SourceVersion "1"]
[SourceVersionDate "2007.11.25"]
[SourceQuality "1"]

1. e4 c5 2. Nc3 a6 3. g3 b5 4. Bg2 Bb7 5. d3 e6 6. Be3 d6 7. Qd2 Be7 8. f4 Qc7 9. Nd1 Nd7 10. c3 Ngf6 11. h3 Rc8 12. Nf2 Nb6 13. Ne2 Qb8 14. 0-0 Qa8 15. g4 h6 16. Ng3 Nfd7 17. Rac1 Bh4 18. Nfh1 1/2-1/2

[Event "FRA-chT3 Gr14 0607"]
[Site "France"]
[Date "2007.03.18"]
[Round "7.6"]
[White "Berring, Alain"]
[Black "Grandadam, Patrick"]
[Result "1/2-1/2"]
[WhiteElo "2030"]
[BlackElo "1930"]
[PlyCount "69"]
[EventDate "2006.10.15"]
[EventType "team"]
[EventRounds "9"]
[EventCountry "FRA"]
[SourceTitle "EXT 2008"]
[Source "ChessBase"]
[SourceDate "2007.11.25"]
[SourceVersion "1"]
[SourceVersionDate "2007.11.25"]
[SourceQuality "1"]

1. d4 d5 2. c4 e6 3. Nc3 c6 4. e3 Nf6 5. Nf3 Nbd7 6. Qc2 b6 7. Be2 Bb7 8. 0-0 dxc4 9. Bxc4 c5 10. Be2 Rc8 11. Rd1 Qc7 12. Qb3 Be7 13. Bd2 0-0 14. Rac1 Qb8 15. h3 Rfd8 16. Be1 Qa8 17. a3 cxd4 18. exd4 Nd5 19. Nxd5 Bxd5 20. Qe3 Nf6 21. Bc3 h6 22. Ne1 Ne4 23. Bf1 Bg5 24. f4 Bh4 25. Nd3 Bb3 26. Be1 Bf6 27. Rxc8 Qxc8 28. Rc1 Qb7 29. Ne5 Qd5 30. Bd3 Bxe5 31. fxe5 Qxd4 32. Qxd4 Rxd4 33. Rc8+ Kh7 34. Bxe4+ Rxe4 35. Bc3 1/2-1/2

[Event "FRA-chT2"]
[Site "France"]
[Date "2002.03.??"]
[Round "11"]
[White "Berring, Alain"]
[Black "Gense, Christophe"]
[Result "1/2-1/2"]
[WhiteElo "2055"]
[BlackElo "2000"]
[PlyCount "69"]
[EventDate "2002.??.??"]
[EventType "team"]
[EventRounds "11"]
[EventCountry "FRA"]
[SourceTitle "EXT 2003"]
[Source "ChessBase"]
[SourceDate "2002.11.25"]
[SourceVersion "1"]
[SourceVersionDate "2002.11.25"]
[SourceQuality "1"]

1. d4 Nf6 2. c4 e6 3. Nc3 d5 4. cxd5 exd5 5. Bg5 Be7 6. e3 0-0 7. Qc2 c6 8. Bd3 h6 9. Bh4 Re8 10. Nge2 Nbd7 11. 0-0 Nf8 12. f3 Ne6 13. Rae1 Nh5 14. Bf2 Bd6 15. g4 Ng5 16. Bg3 Nxg3 17. Nxg3 Bxg3 18. hxg3 h5 19. gxh5 Nh3+ 20. Kg2 Qg5 21. f4 Qxh5 22. Rh1 Bg4 23. Be2 f5 24. Bxg4 fxg4 25. Nd1 Re6 26. Nf2 Rh6 27. Qe2 Rg6 28. Nxh3 gxh3+ 29. Rxh3 Qf5 30. Rh5 Qe4+ 31. Qf3 Qd3 32. Qe2 Qe4+ 33. Qf3 Qd3 34. Qe2 Qe4+ 35. Qf3 1/2-1/2

[Event "FRA-chT2"]
[Site "France"]
[Date "2001.12.??"]
[Round "4"]
[White "Borni, Jean Bernard"]
[Black "Berring, Alain"]
[Result "1/2-1/2"]
[WhiteElo "2030"]
[BlackElo "2055"]
[PlyCount "33"]
[EventDate "2002.??.??"]
[EventType "team"]
[EventRounds "11"]
[EventCountry "FRA"]
[SourceTitle "EXT 2003"]
[Source "ChessBase"]
[SourceDate "2002.11.25"]
[SourceVersion "1"]
[SourceVersionDate "2002.11.25"]
[SourceQuality "1"]

1. d4 Nf6 2. Nf3 g6 3. Bg5 Bg7 4. e3 0-0 5. c4 d6 6. Nc3 Nbd7 7. Be2 a6 8. a4 Qe8 9. Nd5 Qd8 10. Qc2 c6 11. Nxf6+ Nxf6 12. 0-0 Bf5 13. Bd3 Bxd3 14. Qxd3 Qc7 15. e4 e5 16. d5 c5 17. Bxf6 1/2-1/2

[Event "FRA-chT2"]
[Site "France"]
[Date "2001.10.??"]
[Round "1"]
[White "Tisserand, Jean Pierre"]
[Black "Berring, Alain"]
[Result "1/2-1/2"]
[WhiteElo "1910"]
[BlackElo "2055"]
[PlyCount "94"]
[EventDate "2002.??.??"]
[EventType "team"]
[EventRounds "11"]
[EventCountry "FRA"]
[SourceTitle "EXT 2003"]
[Source "ChessBase"]
[SourceDate "2002.11.25"]
[SourceVersion "1"]
[SourceVersionDate "2002.11.25"]
[SourceQuality "1"]

1. d4 Nf6 2. c4 g6 3. f3 Bg7 4. e4 d6 5. Nc3 0-0 6. Bg5 Nbd7 7. Nh3 c5 8. d5 a6 9. Be2 Rb8 10. a4 Ne5 11. Nf2 Qb6 12. Bd2 Qc7 13. 0-0 b6 14. f4 Ned7 15. Nd3 Ne8 16. Be3 Bd4 17. Qd2 Ng7 18. Ne1 Bxe3+ 19. Qxe3 f5 20. Nf3 fxe4 21. Nxe4 Nf5 22. Qd2 Nf6 23. Nxf6+ exf6 24. Rae1 Bd7 25. b3 Rbe8 26. Bd1 Qd8 27. g4 Ng7 28. h3 f5 29. g5 Nh5 30. Kf2 Re4 31. Bc2 Rxf4 32. Kg2 b5 33. axb5 axb5 34. Bd3 bxc4 35. bxc4 Re8 36. Rxe8+ Qxe8 37. Qa5 Re4 38. Bxe4 fxe4 39. Nh2 Qe5 40. Qd8+ Be8 41. Qc8 Qg3+ 42. Kh1 Ng7 43. Qg4 Qd3 44. Qc8 Qxc4 45. Qa8 Qd3 46. Rf6 Qd1+ 47. Rf1 Qd3 1/2-1/2